[Event "84th ESP-ch 2019"]
[Site "Marbella"]
[Date "2019.11.17"]
[Round "2.3"]
[White "Zurano Lopez, Pedro"]
[Black "Shirov, Alexei"]
[Result "0-1"]
[WhiteElo "2292"]
[BlackElo "2666"]
[Annotator "TA"]
[PlyCount "80"]
[EventDate "2019.11.16"]
[EventType "swiss"]
[EventCountry "ESP"]
[SourceTitle "playchess.com"]
[Source "ChessBase"]
[SourceQuality "1"]

{[%evp 13,98,9,13,-7,0,0,12,8,10,11,10,0,0,0,0,0,0,0,24,30,25,19,32,25,28,13,38,42,57,0,0,0,0,0,0,0,0,-12,0,0,0,0,0,0,31,1,8,0,0,-10,0,-27,0,-8,0,0,-2,-96,-97,-102,-74,-251,-88,-277,-279,-787,-784,-766,-250,-2225,-2214,-2157,-2191,-2181,-2174,-2137,-2091,-1709,-1931,-5214,-5214,-29971,-29971,-29962,-12850,-5285,-4133]} 1. Nf3 d5 2. g3 g6 3. Bg2 Bg7 4. d4 Nf6 5. O-O O-O 6. Nbd2 c6 7. c3 Bf5 8. Qb3 {D02: 1 d4 d5 2 Nf3 sidelines, including 2...Nf6 3 g3 and 2...Nf6 3 Bf4} (8. Nh4 Bg4 9. h3 Bc8 10. Kh2 Re8 11. e4 dxe4 12. Nxe4 Nxe4 13. Bxe4 Nd7 14. Bg2 e5 15. dxe5 Nxe5 16. Qxd8 Rxd8 {½-½ (70) Kramnik,V (2753)-Radjabov,T (2759) Moscow 2019}) 8... Qc8 $146 ({Predecessor:} 8... Qc7 9. Ne5 Nbd7 10. Nxd7 {½-½ (13) Hug,W (2455)-Keene,R (2460) Dortmund 1980}) 9. Ne5 Nbd7 10. Nxd7 {The position is equal.} Qxd7 11. Re1 Rfe8 12. e4 dxe4 13. Nxe4 Bxe4 14. Bxe4 e5 15. dxe5 Rxe5 16. Rd1 Qe7 17. Bf3 Re8 18. Bf4 Re6 19. Kg2 h6 {Hoping for ...g5.} 20. h4 Ne4 21. Bxe4 (21. Be3 $14) 21... Rxe4 $11 22. Bd6 Qd7 23. Rd3 $1 c5 24. Qd5 Re2 25. Rb1 b6 26. Bf4 Qa4 {aiming for ...Qc2.} 27. Rf3 Qc2 28. Rd1 {With the idea Bxh6!} Kh7 29. Rd2 Rxd2 30. Qxd2 Qe4 31. Qd3 Qc6 32. Kf1 c4 33. Qd1 Re7 {Strongly threatening ...Rd7.} 34. Re3 Rd7 {( -> ...Qh1+)} 35. Qc2 (35. Qf3 $11 Qxf3 36. Rxf3) 35... Qh1+ $17 36. Ke2 b5 $36 {[%mdl 2048] Black is on the roll.} 37. Be5 $2 {[#]} (37. Re8 $17) 37... Rd5 $2 (37... Bxe5 $1 $19 {is more deadly.} 38. Rxe5 Rd3) 38. Bxg7 $2 (38. Bf4 $17 {was necessary.}) 38... Kxg7 {[%mdl 4096] Endgame KQR-KQR} 39. Re4 $2 (39. b3) 39... g5 $19 40. b3 Rf5 {Played: Rd5-d1} 0-1

[Event "84th ESP-ch 2019"]
[Site "Marbella"]
[Date "2019.11.17"]
[Round "2.4"]
[White "Perez Candelario, Manuel"]
[Black "Medarde Santiago, Luis Marcos"]
[Result "1-0"]
[WhiteElo "2623"]
[BlackElo "2285"]
[Annotator "TA"]
[PlyCount "107"]
[EventDate "2019.11.16"]
[EventType "swiss"]
[EventCountry "ESP"]
[SourceTitle "playchess.com"]
[Source "ChessBase"]
[SourceQuality "1"]

{[%evp 12,107,17,17,39,25,18,28,31,7,36,35,36,41,42,53,60,27,32,0,11,0,38,37,47,41,47,57,47,36,44,44,56,63,54,64,55,56,65,57,85,40,39,25,36,24,26,30,79,64,95,89,88,75,107,127,229,225,266,264,231,197,196,169,157,158,166,160,185,182,158,183,177,177,153,159,350,339,354,351,342,338,367,380,366,360,577,577,566,566,541,541,652,652,651,645,618,587]} 1. e4 c5 2. Nf3 e6 3. d4 cxd4 4. Nxd4 Nf6 5. Nc3 Nc6 6. g3 Bb4 7. Bg2 $1 Qb6 {B45: Sicilian Four Knights} (7... O-O 8. O-O d6 9. a4 Rb8 10. Ncb5 Nxd4 11. Nxd4 Bc5 12. c3 a6 13. b4 Ba7 14. Be3 Ra8 15. Nc2 e5 16. Bxa7 Rxa7 {½-½ (36) Motylev,A (2668)-Dreev,A (2662) Izhevsk 2019}) 8. Nde2 O-O $146 ({Predecessor:} 8... d5 9. exd5 Nxd5 10. Bd2 Nxc3 11. Nxc3 O-O 12. O-O Rd8 13. Qc1 Bxc3 14. Bxc3 e5 15. Re1 {½-½ (60) Jansa,V (2451)-Langner,L (2365) Czechia 2013}) 9. O-O Be7 {White has an edge.} 10. b3 Qc7 11. Bf4 Ne5 12. Nb5 Qb8 13. Qd4 d6 14. Rad1 {[%cal Rb5d6]} Ne8 $1 15. c4 a6 16. Nbc3 Nf6 17. c5 {[%cal Rc5d6]} Nc6 18. Qd2 {[%cal Rc5d6]} ({Of course not} 18. cxd6 Nxd4 19. dxe7 Nxe2+ 20. Nxe2 e5 $15) 18... e5 19. cxd6 Rd8 {[%cal Rd8d6]} 20. Qb2 Rxd6 21. Be3 Ng4 22. Bb6 {aiming for Nd5.} Nb4 23. Na4 Bd7 {And now ...Bxa4 would win.} 24. Nec3 Nf6 25. Rxd6 Qxd6 26. Rd1 Qe6 27. a3 Bxa4 $1 28. Nxa4 Nc6 29. b4 Nd7 {[#]} 30. Be3 $1 Rd8 31. Nc3 Nf6 32. Nd5 Nxd5 33. exd5 Qf6 (33... Qd7 $16 34. Re1 Nd4) 34. Bb6 $18 {Black must now prevent Re1.} Rd6 35. Bc5 Rd8 36. Re1 Nb8 37. Bxe7 ({Don't take} 37. Qxe5 $6 Qxe5 38. Rxe5 Bxc5 $14) ({Don't play} 37. Rxe5 $6 Bxc5 38. bxc5 Nd7 $14) 37... Qxe7 38. f4 e4 39. Rxe4 Qd6 {[#]} 40. Qe5 $1 $36 {[%cal Re5d6][%mdl 2048] Strongly threatening Qxd6. White is in control.} Qb6+ 41. Qd4 Qxd4+ 42. Rxd4 {[%mdl 4096] Endgame KRB-KRN} Kf8 43. Rc4 Ke7 $2 (43... Ke8 $16 {might work better.} 44. Rc7 Rd7) 44. Rc7+ {[%mdl 64] Double Attack} Rd7 45. Rc8 Rd8 {[#]} 46. d6+ $1 {[%mdl 576] Discovered Attack} Kd7 (46... Rxd6 47. Rxb8) 47. Rc7+ Kxd6 48. Rxf7 Rd7 $2 (48... b6 49. Rxg7 Rd7) 49. Rxd7+ {White is clearly winning.} Kxd7 50. Bxb7 Kc7 51. Be4 h6 52. Kf2 Nd7 53. Ke3 Kd6 54. Kd4 {Accuracy: White = 83%, Black = 53%.} 1-0

[Event "84th ESP-ch 2019"]
[Site "Marbella"]
[Date "2019.11.17"]
[Round "2.5"]
[White "Hernando Rodrigo, Julio Antonio"]
[Black "Salgado Lopez, Ivan"]
[Result "0-1"]
[WhiteElo "2271"]
[BlackElo "2594"]
[Annotator "TA"]
[PlyCount "78"]
[EventDate "2019.11.16"]
[EventType "swiss"]
[EventCountry "ESP"]
[SourceTitle "playchess.com"]
[Source "ChessBase"]
[SourceQuality "1"]

{[%evp 11,78,7,22,18,12,12,27,27,29,24,26,27,37,37,38,30,57,51,60,74,79,76,60,62,56,68,55,47,43,51,75,68,68,0,0,-37,-47,-49,-24,-72,-74,-70,-22,-25,-14,-32,-31,-189,-167,-645,-636,-655,-633,-589,-571,-720,-712,-705,-689,-714,-696,-942,-919,-29971,-29972,-29971,-29972,-29964,-29964]} 1. d4 Nf6 2. c4 b6 3. Nc3 Bb7 4. Nf3 e6 5. a3 Be7 6. Qc2 c5 7. e4 {E12: Queen's Indian: Unusual White 4th moves, 4 a3, 4 Nc3 Bb7 5 a3 and 4 Nc3 Bb7} cxd4 8. Nxd4 d6 9. Be2 {White has an edge.} O-O 10. O-O Nbd7 11. Be3 Rc8 12. Rad1 a6 13. f4 $146 ({Predecessor:} 13. f3 Qc7 14. Qb1 {0-1 (41) Shinkevich,M (1938)-Tran,T (2468) St Petersburg 2016}) 13... Qc7 14. g4 $1 Nc5 {[%cal Rf6e4]} 15. Bf3 Ne8 16. g5 e5 17. fxe5 dxe5 18. Nf5 {Threatens to win with Bg4.} Nd6 19. Nd5 Bxd5 $1 20. cxd5 {Strongly threatening b4.} g6 21. Nh6+ Kg7 {next ...Ncxe4 is good for Black.} 22. Rc1 ({Better is} 22. Qg2 $1 $14) 22... Qd8 $11 23. Qg2 Nd3 $1 {[%cal Rd3c1]} 24. Rxc8 Qxc8 25. Be2 ({Don't play} 25. Bxb6 Nf4 $17) 25... Nc4 26. Bc1 ({Not} 26. Bxd3 $2 Nxe3 27. Qg3 Qc5 $19) 26... Nxc1 27. Rxc1 b5 28. Bxc4 bxc4 29. h4 $2 {[#]} (29. Kh1 $15) 29... f6 $1 $19 30. Nf5+ $2 (30. gxf6+ Bxf6 31. Nf5+ Kh8 32. Ne3) 30... gxf5 31. gxf6+ Kxf6 {And now ...Rg8! would win.} 32. Qg5+ Kf7 33. Qh5+ Kg7 34. Kh2 Rf6 35. Qg5+ Kh8 36. d6 h6 37. Rxc4 Qxc4 {Black mates.} 38. dxe7 hxg5 39. e8=Q+ {[#]} Kg7 $1 {Accuracy: White = 41%, Black = 75%.} 0-1

[Event "84th ESP-ch 2019"]
[Site "Marbella"]
[Date "2019.11.17"]
[Round "2.6"]
[White "Santos Ruiz, Miguel"]
[Black "Jimenez Ruano, Adrian"]
[Result "1-0"]
[WhiteElo "2583"]
[BlackElo "2269"]
[Annotator "TA"]
[PlyCount "131"]
[EventDate "2019.11.16"]
[EventType "swiss"]
[EventCountry "ESP"]
[SourceTitle "playchess.com"]
[Source "ChessBase"]
[SourceQuality "1"]

{[%evp 9,131,7,19,20,25,20,22,15,23,0,43,37,50,43,49,41,56,47,67,60,56,64,65,71,81,83,104,100,63,84,106,106,177,154,151,162,160,148,148,131,131,120,148,164,155,147,153,168,165,147,171,171,206,160,176,180,194,152,151,142,120,120,127,134,134,127,110,111,135,106,120,121,124,121,116,112,112,106,127,113,132,108,117,45,76,49,59,32,28,41,66,6,6,0,104,97,102,81,80,80,79,80,80,79,268,35,40,13,20,25,30,0,0,0,29978,29979,29978,29979,29979,29980,29982,29983,29982,29970]} 1. Nf3 Nf6 2. c4 e6 3. Nc3 d5 4. e3 a6 5. b3 c5 6. Bb2 {A17: English Opening: 1...Nf6 with ...Bb4} Nc6 7. cxd5 exd5 8. d4 {The position is equal.} Qa5 $146 ({Predecessor:} 8... Bd6 9. Be2 O-O 10. O-O cxd4 11. Nxd4 Re8 12. Bf3 Ne5 13. Bxd5 Neg4 14. Nf3 Nxh2 15. Nxh2 Bxh2+ 16. Kxh2 Ng4+ 17. Kg3 Qd6+ 18. Kf3 Qh6 19. Qd4 Qh5 20. Rh1 {1-0 (20) Nepomniachtchi,I (2774)-Bareev,E (2643) Amsterdam 2019}) 9. Rc1 Be6 10. Be2 cxd4 11. Nxd4 Nxd4 12. Qxd4 Qb4 13. Qd3 Be7 14. O-O O-O 15. Bf3 {[%cal Rc3d5]} Rad8 16. Rfd1 Qh4 17. g3 Qh6 18. Qd4 Rfe8 19. h4 Bf8 20. Ne2 Bd7 {[#]} (20... Bd6 $16 {is a better defense.}) 21. Qf4 $1 $18 {[%cal Rf4h6]} Qxf4 22. Nxf4 ({Don't play} 22. exf4 $6 Bf5 $14) 22... Bg4 23. Bxg4 Nxg4 24. Rxd5 Rxd5 25. Nxd5 Rd8 26. Rd1 {Black must now prevent Nf6+!} Rc8 27. Rd2 f6 28. Kg2 Rc6 29. Kf3 Nh6 30. e4 Bd6 31. Ne3 Kf7 32. g4 Ke6 33. Nc2 {Threatens to win with Nd4+.} Be5 34. Nd4+ Bxd4 35. Bxd4 $16 {[%mdl 4096] Endgame KRB-KRN} ({Reject} 35. Rxd4 $6 Rc2 $11) 35... Rc1 36. Be3 Nf7 37. Kg2 Re1 38. g5 Nd6 39. Kf3 Rh1 40. Bf4 Nf7 41. gxf6 gxf6 42. Bg3 Rc1 43. Kg4 Rc3 44. Rd4 Rc2 45. a4 Rc5 46. Rb4 (46. Rc4 $16 f5+ 47. exf5+ Rxf5 48. Kh3) 46... b5 47. axb5 axb5 48. Rd4 h5+ 49. Kh3 Rc3 50. Rd5 ({White should try} 50. Rb4 $14) 50... Rxb3 $11 51. Rxh5 Ne5 (51... Nd6 $1 $11) 52. Kg2 $16 Nd3 53. f4 b4 54. Rb5 Rc3 55. h5 b3 56. h6 b2 $2 {[#]} (56... Kf7 $16 {was necessary.}) 57. f5+ $2 ({White must play} 57. h7 $1 $18 {[%cal Rh7h8]} Rc8 58. f5+ Kd7 59. Rb3) 57... Kf7 $14 58. Rb7+ (58. Bd6 $5 {[%cal Rb5b8]} Ne1+ 59. Kf1 $16) 58... Kg8 59. Bh4 {Intending h7+ and mate.} Rc6 $1 60. Kf3 Ne5+ 61. Kf4 Rd6 $2 {[%mdl 8192]} (61... Nc4 $11) 62. h7+ {White mates.} Kh8 63. Bxf6+ Rxf6 64. Kxe5 Ra6 65. f6 Ra5+ 66. Kf4 {Accuracy: White = 61%, Black = 56%.} 1-0

[Event "84th ESP-ch 2019"]
[Site "Marbella"]
[Date "2019.11.17"]
[Round "2.7"]
[White "Moral Garcia, Serafin"]
[Black "Santos Latasa, Jaime"]
[Result "0-1"]
[WhiteElo "2267"]
[BlackElo "2581"]
[Annotator "TA"]
[PlyCount "46"]
[EventDate "2019.11.16"]
[EventType "swiss"]
[EventCountry "ESP"]
[SourceTitle "playchess.com"]
[Source "ChessBase"]
[SourceQuality "1"]

{[%evp 13,68,7,11,-1,0,0,8,0,0,10,16,8,20,-6,14,-12,0,0,10,-40,-44,-118,-106,-237,-227,-224,-201,-306,-318,-311,-263,-770,-657,-595,-541,-532,-526,-891,-217,-912,-901,-902,-902,-890,-876,-820,-786,-1022,-964,-29995,-29994,-29995,-29996,-29996,-29993,-29998,-29999]} 1. e4 c6 2. d4 d5 3. exd5 cxd5 4. c4 Nf6 5. Nc3 Nc6 6. Bg5 Be6 7. Bxf6 exf6 8. c5 {B13: Caro-Kann: Exchange Variation and Panov-Botvinnik Attack} g6 9. Bb5 Bg7 10. Nge2 {The position is equal.} O-O 11. O-O f5 12. Qd2 Rb8 $146 ({Predecessor:} 12... Qf6 13. Rad1 Rfd8 14. a3 Rab8 15. b4 a5 16. bxa5 Nxa5 17. Nxd5 Bxd5 18. Qxa5 {½-½ (57) Oral,T (2513)-Mejzlik,O (2326) Czechia 2015}) 13. Rab1 Qf6 {[%cal Rc6d4]} 14. Rfd1 a6 15. Bxc6 bxc6 16. Na4 Rfe8 17. Nb6 {[#]} ({Better is} 17. Nac3 $15) 17... f4 $1 $17 {[%cal Rf4f3][%mdl 512]} 18. f3 (18. Nxf4 $17 {might work better.} Bf5 19. Rbc1) (18. Qxf4 Qxf4) 18... Bf5 $19 19. Rbc1 g5 20. b4 (20. Na4 $142) 20... Re3 21. Rc3 Re7 22. Ra3 $2 (22. Kh1) 22... Rbe8 23. Nc1 {[#]} Qh6 {Played: Qf6xd4} 0-1

[Event "84th ESP-ch 2019"]
[Site "Marbella"]
[Date "2019.11.17"]
[Round "2.8"]
[White "Ibarra Jerez, Jose Carlos"]
[Black "Calzetta Ruiz, Monica"]
[Result "1/2-1/2"]
[WhiteElo "2540"]
[BlackElo "2251"]
[Annotator "TA"]
[PlyCount "73"]
[EventDate "2019.11.16"]
[EventType "swiss"]
[EventCountry "ESP"]
[SourceTitle "playchess.com"]
[Source "ChessBase"]
[SourceQuality "1"]

{[%evp 12,73,37,25,38,23,61,5,19,18,16,0,6,-25,-50,-42,0,-45,-6,-18,-18,-9,-21,-25,0,0,0,0,0,0,0,0,0,0,41,6,7,7,4,3,7,8,8,0,4,0,6,2,10,0,0,0,0,0,0,0,0,0,0,0,0,0,0,0]} 1. e4 e6 2. d4 d5 3. Nd2 dxe4 4. Nxe4 Nd7 5. g3 Ngf6 6. Nxf6+ Nxf6 7. Bg2 e5 {C10: French with 3 Nc3: Unusual Black 3rd moves and 3...dxe4} 8. Qe2 e4 $146 ({Predecessor:} 8... Qxd4 9. Nf3 Qd5 10. O-O Bd6 11. Re1 Bg4 12. h3 Bxf3 13. Bxf3 e4 14. Bxe4 Nxe4 15. Qxe4+ Qxe4 16. Rxe4+ Kd7 17. Bf4 Rhe8 18. Rd4 Re6 19. Rad1 Rae8 20. Kf1 Kc6 21. Bxd6 Rxd6 22. Rxd6+ {½-½ (22) Svidler,P (2735)-Anand,V (2786) Monte Carlo 2005}) 9. Bg5 (9. Bxe4 $14 Nxe4 10. Qxe4+ Qe7 11. Qxe7+ Bxe7 12. c3) 9... Qxd4 $11 10. c3 Qb6 11. O-O-O Be7 12. Bxe4 (12. Bxf6 $5 Qxf6 13. Bxe4 $11) 12... O-O 13. Nf3 Be6 14. Bb1 Rfe8 (14... h6 $5 {[%cal Rh6g5]} 15. Be3 (15. Bxf6 Bxf6 16. Nd4 Bd5 $15) 15... Qa5 $11) 15. Nd4 Bd5 16. Rhe1 Bc5 17. Be3 Be4 18. Bxe4 Rxe4 19. Qf3 Rae8 20. Nc2 Bxe3+ 21. Rxe3 Rxe3 22. Nxe3 Qe6 23. Nd5 Nxd5 {The position is equal.} 24. Qxd5 Qxd5 25. Rxd5 {[%mdl 4096] Endgame KR-KR} Kf8 26. Kd2 Re6 27. Rd8+ Ke7 28. Rb8 (28. Rc8 {looks sharper.} Rd6+ 29. Ke3 Re6+ 30. Kd3 Rd6+ 31. Ke2) 28... Rb6 29. b3 h5 30. Kd3 a5 31. h4 Rd6+ 32. Ke2 b6 33. Rc8 Kd7 34. Rf8 Ke7 35. Rc8 Kd7 36. Rf8 Ke7 37. Rc8 {Accuracy: White = 60%, Black = 59%.} 1/2-1/2

[Event "84th ESP-ch 2019"]
[Site "Marbella"]
[Date "2019.11.17"]
[Round "2.9"]
[White "Kolotilina, Liudmila"]
[Black "Cuenca Jimenez, Jose Fernando"]
[Result "0-1"]
[WhiteElo "2242"]
[BlackElo "2523"]
[Annotator "TA"]
[PlyCount "60"]
[EventDate "2019.11.16"]
[EventType "swiss"]
[EventCountry "ESP"]
[SourceTitle "playchess.com"]
[Source "ChessBase"]
[SourceQuality "1"]

{[%evp 22,100,17,0,0,-37,-33,-56,-57,-56,-22,-89,-93,-87,-86,-89,-87,-79,-83,-65,-64,-98,-101,-100,-97,-93,-108,-98,-103,-108,-85,-80,-82,-195,-178,-210,-229,-210,-204,-324,-285,-281,-275,-279,-263,-262,-219,-310,-289,-268,-276,-407,-393,-377,-371,-422,-389,-524,-522,-489,-482,-734,-504,-504,-504,-504,-504,-504,-499,-729,-475,-524,-469,-469,-429,-2835,-2754,-2173,-1939,-1789,-1783]} 1. e4 e5 2. Nf3 Nc6 3. Bb5 a6 4. Ba4 Nf6 5. O-O Nxe4 6. d4 b5 7. Bb3 d5 8. dxe5 Be6 9. Nbd2 Be7 10. c3 O-O 11. Re1 Nc5 12. Bc2 d4 {C83: Open Ruy Lopez: 9 c3 Be7} 13. Ne4 {[%cal Rc3d4]} dxc3 {aiming for ...Qxd1.} 14. bxc3 (14. Nxc3 Qxd1 15. Rxd1 Nb4 16. Bb1 Nc6 17. Be3 Rad8 18. Rc1 Nb4 19. Bxc5 Bxc5 20. a3 {0-1 (42) Lagarde,M (2615)-Matlakov,M (2683) Bastia 2018}) 14... Qxd1 {Black is slightly better.} 15. Rxd1 Rad8 16. Be3 $146 (16. Nxc5 $11 {keeps the balance.} Bxc5 17. Bf4) ({Predecessor:} 16. Bg5 Bf5 17. Bxe7 Nxe7 18. Nxc5 Bxc2 19. Rxd8 Rxd8 20. Nd4 {1-0 (37) Ponizil,C (2307)-Nehybka,J (2232) Czechia 2009}) 16... Rxd1+ $17 17. Rxd1 Nxe4 18. Bxe4 Rd8 19. Rxd8+ Nxd8 20. Bb1 Nc6 21. Bf4 h6 22. Kf1 g5 23. Bg3 b4 24. cxb4 Nxb4 25. a3 Bc4+ 26. Kg1 Nd5 27. Nd2 (27. a4 $17) 27... Bb5 $19 28. Ba2 Nc3 29. Bc4 Bxa3 30. Kf1 {[#]} (30. e6 $142) 30... c6 {Played: Nc3-e4} 0-1

[Event "84th ESP-ch 2019"]
[Site "Marbella"]
[Date "2019.11.17"]
[Round "2.10"]
[White "Narciso Dublan, Marc"]
[Black "Hernandez Roldan, Miguel"]
[Result "1/2-1/2"]
[WhiteElo "2517"]
[BlackElo "2229"]
[Annotator "TA"]
[PlyCount "93"]
[EventDate "2019.11.16"]
[EventType "swiss"]
[EventCountry "ESP"]
[SourceTitle "playchess.com"]
[Source "ChessBase"]
[SourceQuality "1"]

{[%evp 9,93,1,27,27,29,23,33,26,48,57,50,47,48,60,71,41,49,27,36,39,50,42,36,14,35,33,53,38,55,9,70,38,62,60,59,66,62,63,62,66,64,23,16,-10,-12,-12,-10,-12,-9,-25,-10,-6,0,-137,-70,-70,-71,-71,-79,-66,-58,-70,-70,-70,-70,-70,-70,-70,-70,-100,-100,-100,-100,-100,-100,-100,-100,-100,-100,-100,-52,-100,-100,-100,-75,-75]} 1. d4 Nf6 2. Bg5 e6 3. e4 h6 4. Bxf6 Qxf6 5. c3 d5 (5... c5 6. Nf3 cxd4 7. cxd4 Bb4+ 8. Nc3 O-O 9. Bd3 d6 10. O-O Nc6 11. Bb5 Bxc3 12. bxc3 Bd7 13. Re1 Rac8 14. e5 dxe5 15. Nxe5 Rfd8 16. Bxc6 Bxc6 {½-½ (38) Duda,J (2730)-Giri,A (2780) chess.com INT 2019}) 6. Bd3 {A45: Trompowsky Attack} c5 7. Nf3 Nc6 {[%cal Rc5d4]} 8. O-O {White is slightly better.} Bd7 $146 {[%cal Rc5d4]} ({Predecessor:} 8... Qd8 9. exd5 Qxd5 10. Re1 Be7 11. Be4 Qd6 12. Na3 cxd4 13. Nb5 {1-0 (67) Kryakvin,D (2588)-Savchenko,B (2562) chess.com INT 2019}) 9. exd5 exd5 10. Re1+ Be7 11. dxc5 $1 O-O 12. Qb3 Bg4 13. Qxd5 Bxf3 $1 14. Qxf3 Qxf3 15. gxf3 Bxc5 16. b4 Rad8 {...Nxb4 is the strong threat.} 17. Be4 Bb6 18. a4 f5 19. Bc2 (19. Bxc6 $5 bxc6 20. Ra2 $14) 19... a6 ({Black should try} 19... Bc7 $11) 20. Ra2 Rf6 21. Na3 Kf8 22. Nc4 Bc7 23. a5 Rg6+ 24. Kh1 Rg5 25. Bb3 Rh5 26. f4 Bxf4 27. f3 Rh3 28. Rae2 Rxf3 29. Nb6 $1 {[%cal Rb6d7] Intending Nd7+! and mate.} g6 $36 {[%mdl 2048] White is under pressure.} 30. Nd5 Bb8 {Threatens to win with ...Nd4.} 31. Ne7 (31. Re6 $11) 31... Nxe7 (31... Rxc3 $17 32. Ba4 Nxe7 33. Rxe7 {[#]} Rc1 $1 {[%mdl 512]} 34. Re8+ Rxe8 35. Rxc1 Rd8) 32. Rxe7 $15 {[#] Black must now prevent Rf7+.} Rf1+ $1 {[%mdl 512]} 33. Rxf1 {Threatening mate with Rf7+.} Kxe7 $17 {[%mdl 4096] Endgame KRB-KRB} 34. Re1+ Kf8 35. Re6 Rd6 36. Rxd6 Bxd6 $15 {KB-KB} 37. Bd5 Be5 38. c4 Bc3 39. Bxb7 Bxb4 40. Bxa6 Bxa5 41. Bc8 Ke7 42. Kg2 Kd6 43. Kf3 Ke5 44. Bd7 Bc7 45. Be8 g5 46. h3 Bb6 47. Bg6 {Accuracy: White = 71%, Black = 56%.} 1/2-1/2

[Event "84th ESP-ch 2019"]
[Site "Marbella"]
[Date "2019.11.17"]
[Round "2.11"]
[White "Garcia Romero, Benjamin Abel"]
[Black "Arizmendi Martinez, Julen Luis"]
[Result "0-1"]
[WhiteElo "2234"]
[BlackElo "2517"]
[Annotator "TA"]
[PlyCount "100"]
[EventDate "2019.11.16"]
[EventType "swiss"]
[EventCountry "ESP"]
[SourceTitle "playchess.com"]
[Source "ChessBase"]
[SourceQuality "1"]

{[%evp 11,100,20,20,20,22,22,27,18,27,20,13,16,25,0,35,22,16,-43,-43,-72,-81,-77,-60,-92,-82,-94,-93,-85,-86,-83,-83,-85,-60,-85,-81,-85,-83,-90,-91,-104,-82,-76,-47,-73,-34,-34,-34,-75,-34,-110,-45,-82,0,-84,0,-100,-109,-163,-106,-213,-208,-229,-229,-227,-226,-215,-208,-167,-167,-286,-276,-355,-339,-637,-636,-619,-608,-758,-797,-797,-787,-916,-891,-876,-835,-1227,-1296,-1245,-1230,-29986,-29984]} 1. e4 e6 2. d4 d5 3. Nd2 Be7 4. Bd3 c5 5. dxc5 Nf6 6. Qe2 O-O 7. Ngf3 {C03: French Tarrasch: Unusual Black 3rd moves} a5 8. O-O Na6 9. e5 {Strongly threatening Bxa6.White has an edge.} Nd7 10. c4 Naxc5 (10... Ndxc5 11. Bb1 d4 12. Rd1 d3 13. Qe3 b6 14. Ne1 Bb7 15. Nxd3 {½-½ (57) Liang,A (2552)-So,W (2786) Saint Louis 2018}) 11. Bc2 b6 12. b3 Bb7 13. Bb2 a4 {[%cal Ba5a4,Ba4a3][%mdl 32] [#]} 14. b4 $146 (14. Nd4 $11) ({Predecessor:} 14. Nd4 axb3 15. axb3 {1-0 (34) Papp,G (2526)-Sedlak,N (2546) Zadar 2010}) 14... a3 $1 $15 {[%cal Ra3b2]} 15. Bd4 Na6 $1 16. b5 Nb4 $1 {[%cal Rb4c2]} 17. Bb3 Nc5 18. Bxc5 Bxc5 19. Rad1 d4 20. Ne4 d3 21. Qe1 Qe7 22. Nxc5 Qxc5 23. Qe3 Bxf3 24. gxf3 Rac8 25. Rfe1 Rfd8 26. Qxc5 Rxc5 (26... bxc5 {feels hotter.} 27. Kg2 Kf8 28. Kg3 Ke7 29. Rd2 Kd7) 27. Re4 Rc7 28. Rd2 Kf8 29. Kf1 Rcd7 30. Kg2 {[#]} ({White should play} 30. f4 $1 $15) 30... Ke7 (30... Rd4 $1 $17 31. Kg3 R4d7) 31. Rg4 Kf8 32. Re4 Ke7 33. Rg4 g6 $36 {[%mdl 2048] Black is on the roll.} 34. Re4 (34. f4 $17) 34... g5 (34... Rd4 $19 35. Rd1 g5) 35. h3 {[#]} (35. f4 $17) 35... Rd4 $1 $19 36. Kg3 f5 37. exf6+ Kxf6 38. Re1 e5 39. Rc1 Rc8 40. Rc3 (40. Re1 {keeps fighting.}) 40... h5 41. Rd1 h4+ 42. Kg2 $2 {[#]} (42. Kh2) 42... Nd5 $1 {[%mdl 576] Pin} 43. Rcc1 (43. cxd5 Rxc3) 43... Nf4+ 44. Kh2 Ne2 45. Ra1 d2 46. Kg2 Nc3 47. Kf1 Kf5 48. Kg2 Nxd1 49. Rxd1 Kf4 50. Rb1 Rcxc4 {Accuracy: White = 47%, Black = 69%.} 0-1

[Event "84th ESP-ch 2019"]
[Site "Marbella"]
[Date "2019.11.17"]
[Round "2.12"]
[White "Espinosa Aranda, Angel"]
[Black "Rey Malde, Henrique"]
[Result "1-0"]
[WhiteElo "2511"]
[BlackElo "2209"]
[Annotator "RC"]
[PlyCount "47"]
[EventDate "2019.11.16"]
[EventType "swiss"]
[EventCountry "ESP"]
[SourceTitle "playchess.com"]
[Source "ChessBase"]
[SourceQuality "1"]
[TimeControl "5400+30"]

1. e4 {[%emt 0:00:00]} c5 {[%emt 0:07:36]} 2. Ne2 {[%emt 0:00:00]} d6 {[%emt 0:01:02]} 3. g3 {[%emt 0:00:03]} g6 {[%emt 0:01:32]} 4. Bg2 {[%emt 0:00:06]} Bg7 {[%emt 0:00:11]} 5. c3 {[%emt 0:00:04]} Nc6 {[%emt 0:05:10]} 6. d4 {[%emt 0:00:06]} cxd4 {[%emt 0:04:29]} 7. cxd4 {[%emt 0:00:06]} Nf6 {[%emt 0:00:34]} 8. Nbc3 {[%emt 0:01:02]} O-O {[%emt 0:00:48]} 9. O-O {[%emt 0:00:07]} Bd7 {[%emt 0:03:47]} 10. h3 {[%emt 0:01:28]} Rc8 {[%emt 0:02:21]} 11. Be3 {[%emt 0:01:56]} a6 {[%emt 0:00:57]} 12. Qd2 {[%emt 0:09:18]} Re8 {[%emt 0:04:45]} 13. Rac1 {[%emt 0:11:01]} b5 {[%emt 0:06:17]} 14. b3 {[%emt 0:01:40]} e5 {[%emt 0:16:35]} 15. dxe5 {[%emt 0:12:34]} dxe5 {[%emt 0:00:25]} 16. Bg5 {[%emt 0:00:06]} Ne7 {[%emt 0:09:00]} 17. Rfd1 {[%emt 0:06:31]} Be6 {[%emt 0:02:35]} 18. Nd5 {[%emt 0:09:36]} Nexd5 {[%emt 0:04:13]} 19. exd5 {[%emt 0:00:20]} Bd7 {[%emt 0:00:25]} 20. d6 {[%emt 0:02:11]} Qb6 {[%emt 0:04:10]} 21. Rc7 {[%emt 0:05:55]} Rxc7 {[%emt 0:08:33]} 22. dxc7 {[%emt 0:00:06]} Bc8 {[%emt 0:00:03]} 23. Qd8 {[%emt 0:02:52]} Qe6 {[%emt 0:00:06]} 24. Rd6 {[%emt 0:00:18]} 1-0